Southville International School and Colleges
Your cart is empty.
  • Cart
  • Lists
    Public lists Eva Luna New books Lux_list list_1
    Your lists Log in to create your own lists
  • Log in to your account
  • Your cookies
  • Search history
Southville International School and Colleges
  • Advanced search
  • Recent comments
  • Most popular
  • Libraries

Log in to your account

Log in with GOOGLE


If you do not have an external account, but do have a local account, you can still log in:

  1. Home
  2. MARC view: Tree /
Normal view MARC view ISBD view

Tree / (Record no. 3352)

[ view plain ]
MARC details
000 -LEADER
fixed length control field 00522nam a22002057a 4500
003 - CONTROL NUMBER IDENTIFIER
control field OSt
005 - DATE AND TIME OF LATEST TRANSACTION
control field 20140310181754.0
008 - FIXED-LENGTH DATA ELEMENTS--GENERAL INFORMATION
fixed length control field 130628t xxu||||| |||| 00| 0 eng d
020 ## - INTERNATIONAL STANDARD BOOK NUMBER
International Standard Book Number 9718845143
050 ## - LIBRARY OF CONGRESS CALL NUMBER
Classification number PL 5531
Item number .J83 2003
082 ## - DEWEY DECIMAL CLASSIFICATION NUMBER
Classification number FIL 899.21
Item number J77 2003
100 ## - MAIN ENTRY--PERSONAL NAME
Personal name Jose, F. Sionil
245 ## - TITLE STATEMENT
Title Tree /
Statement of responsibility, etc F. Sionil Jose.
260 ## - PUBLICATION, DISTRIBUTION, ETC. (IMPRINT)
Place of publication, distribution, etc Manila, Phil :
Name of publisher, distributor, etc Solidaridad Publishing House,
Date of publication, distribution, etc 2003..
300 ## - PHYSICAL DESCRIPTION
Extent 135 p. :
Dimensions 22 cm.
562 ## - COPY AND VERSION IDENTIFICATION NOTE
Number of copies 1
650 ## - SUBJECT ADDED ENTRY--TOPICAL TERM
Topical term or geographic name as entry element Literature
942 ## - ADDED ENTRY ELEMENTS (KOHA)
Source of classification or shelving scheme Library of Congress Classification
Koha item type Books
Holdings
Withdrawn status Lost status Source of classification or shelving scheme Damaged status Home library Current library Shelving location Date acquired Total Checkouts Full call number Barcode Date last seen Copy number Price effective from Koha item type
    Library of Congress Classification   Luxembourg Library Luxembourg Library Filipiniana Section 06/28/2013   PL 5531 .J83 2003 14557 08/13/2013 1 06/28/2013 Books

Tree /

APA

Jose F. S., . (2003). Tree. Manila, Phil: Solidaridad Publishing House.

Chicago

Jose F Sionil, . 2003. Tree. Manila, Phil: Solidaridad Publishing House.

Harvard

Jose F. S., . (2003). Tree. Manila, Phil: Solidaridad Publishing House.

MLA

Jose F Sionil, . Tree. Manila, Phil: Solidaridad Publishing House. 2003.

  • Place hold
  • Print
  • Cite
  • Add to your cart (remove)
  • Save record
    BIBTEX Dublin Core MARCXML MARC (non-Unicode/MARC-8) MARC (Unicode/UTF-8) MARC (Unicode/UTF-8, Standard) MODS (XML) RIS
  • More searches
    Search for this title in:
    Other Libraries (WorldCat) Other Databases (Google Scholar) Online Stores (Bookfinder.com) Open Library (openlibrary.org)

Exporting to Dublin Core...

SOUTHVILLE LIBRARY

Southville International School and Colleges Library

1281 Tropical Ave. Cor. Luxembourg St., BF Homes International, Las Pinas City

Tel. No. 8256374 / 252358 Loc. 117/146

Powered by Koha